|
|
|
|
| LEADER |
00000nab a2200000 4500 |
| 001 |
vtls012158060 |
| 003 |
SK-MaSNL |
| 005 |
20260305022726.0 |
| 008 |
230110|2022 xo |||| ||an ||00 0|slo |
| 015 |
|
|
|a SNBRB2023/01
|
| 040 |
|
|
|a SPKCL
|b slo
|e rda
|
| 041 |
|
|
|a cze
|b eng
|
| 044 |
|
|
|a xo
|c SK
|
| 072 |
|
7 |
|a 17
|x Etika. Morálna filozofia
|2 konspekt
|
| 080 |
|
|
|a 17
|2 2011
|
| 100 |
1 |
|
|a Chudárková, Petra
|4 aut
|9 1600439
|
| 245 |
1 |
0 |
|a Hluboký nesouhlas a naturalizovaná etika
|c Petra Chudárková
|
| 336 |
|
|
|a text
|b txt
|2 rdacontent
|
| 337 |
|
|
|a bez média
|b n
|2 rdamedia
|
| 338 |
|
|
|a zväzok
|b nc
|2 rdacarrier
|
| 504 |
|
|
|a Obsahuje bibliografiu
|
| 546 |
|
|
|a Anglické resumé
|
| 650 |
0 |
7 |
|a etika
|2 SNKPH
|9 792
|
| 650 |
0 |
7 |
|a morálka
|2 SNKPH
|9 795
|
| 650 |
0 |
7 |
|a nesúhlas
|2 snkbucl
|9 877362
|
| 773 |
0 |
|
|t Filozofia
|g Roč. 77, č. 10 (2022), s. 756-769
|x 25857061
|
| 958 |
|
|
|a NB
|
| 999 |
|
|
|c 3292425
|d 3294355
|